LEADER 01323nam a2200265 i 4500 001 000000170952 003 CaOOAMICUS 005 20090709000000.0 008 090709s1964 gw u000 u ger u 013 $a148368 040 $aSeMil$bita 100 1 $aMeuthen, Erich <1929- >.$0(OLS)http://semarc/name/11664 245 14$aDas Trierer Schisma von 1430 auf dem Basler Konzil :$bzur Lebensgeschichte des Nikolaus von Kues /$cvon Erich Meuthen. 260 $aMünster Westf. :$bAschendorff,$c1964. 300 $aXI, 294 p. ;$c24 cm. 490 0 $aBuchreihe der Cusanus-Gesellschaft ;$v1 600 04$aNiccolò : da Cusa <1401-1464>.$0(OLS)http://semarc/subject/8366 650 4$aConcilio di Basilea, Ferrara e Firenze <1431-1449>.$0(OLS)http://semarc/subject/1019 650 4$aScisma - Chiesa orientale e Chiesa occidentale.$0(OLS)http://semarc/subject/12150 830 0$aBuchreihe der Cusanus-Gesellschaft ;$v1.$0(OLS)http://semarc/title/28714 850 $aSeMil 852 $aSeMil$W1$xVenegono$y1$m3A III 1$j121829$B121829$CSeMilBibl$Z2$F143074 $81 961 $aAcquisto: Altro 996 $6245$aDas Trierer Schisma von 1430 auf dem Basler Konzil :$bzur Lebensgeschichte des Nikolaus von Kues$9(OLS)http://semarc/title/244532 996 $6260$aMünster Westf. :$bAschendorff$9(OLS)http://semarc/publisher/29679 LEADER 01727nam a2200277 4500 001 000000334050 003 CaOOAMICUS 005 20190614162843.0 008 190613s20102013sz a 000 u ita r 040 $aSeMil$bita 245 10$aVisite pastorali Pier Giacomo Grampa vescovo diocesi di Lugano /$ctesti di Dalmazio Ambrosioni e Gianni Ballabio ripresi dal quotidiano Giornale del Popolo. 264 1$a[Locarno] :$bEdizioni TBL,$c2010-2013. 300 $a4 v. :$bill. ;$c32 cm 650 4$aGrampa, Pier Giacomo - Visite pastorali.$0(OLS)http://semarc/subject/48467 650 4$aLugano (Diocesi) - Visite pastorali.$0(OLS)http://semarc/subject/48466 650 4$aLugano (Diocesi) - Storia.$0(OLS)http://semarc/subject/7461 700 1 $aGrampa, Pier Giacomo .$0(OLS)http://semarc/name/61413 700 1 $aAmbrosioni, Dalmazio.$0(OLS)http://semarc/name/109683 700 1 $aBallabio, Gianni.$0(OLS)http://semarc/name/109685 774 0 $t1: Laventina, Blenio, Riviera, Bellinzonese.$d[Locarno] : Edizioni TBL, 2010.$z978-88-96799-02-4$w()334052 774 0 $t2: Gambarogno, Locarnese, Valle Verzasca, Vallemaggia, Centovalli, Valle Onsernone, Terre di Pedemonte.$d[Locarno] : Edizioni TBL, 2011.$z978-88-96799-04-8$w()334065 774 0 $t3: Malcantone, Vedeggio, Mendrisiotto.$d[Locarno] : Edizioni TBL, 2012.$z978-88-96799-09-3$w()334066 774 0 $t4: Luganese.$d[Locarno] : Edizioni TBL, 2013.$z978-88-96799-13-0$w()334068 996 $6245$aVisite pastorali Pier Giacomo Grampa vescovo diocesi di Lugano$9(OLS)http://semarc/title/423709 996 $6264$a[Locarno] :$bEdizioni TBL$9(OLS)http://semarc/publisher/58313